Loading...

Kinship Terms of Pulaya (Cheramar)

Bibliographic Details
Main Author: Jayakumar, R.
Format: Ph.D Thesis
Published: Trivandrum Dept. of Linguistics, Univ of Kerala 1987
Subjects:
LEADER 00495nam a2200181 4500
020
082
100 |a Jayakumar, R. 
245 |a Kinship Terms of Pulaya (Cheramar)  |h English 
250
260 |a Trivandrum  |b Dept. of Linguistics, Univ of Kerala  |c 1987 
300 |a 50 P  |f Book 
500 |a MA 
650 |a Kinship Terms of Pulaya (Cheramar) 
700
942 |c THES 
999 |c 269790  |d 269790 
952 |0 0  |1 0  |4 0  |7 0  |9 286509  |a LIN  |b LIN  |d 2009-04-01  |l 0  |p LINT392  |r 2020-02-06  |w 2020-02-06  |y THES